00294nam a2200097Ia 4500008004100000041000800041100002800049245006900077260003100146999001900177241105s9999 xx 000 0 und d aeng aMundada Medhavi9184153 aLandscape Experience And Learning Centre At Kharghar Navi Mumbai bBNCA M Arch LA, Punec2020 c361994d361994